[Event "AUTO-INT-3959"]
[Site "http://www.queenalice.com/game.php?id=1868954"]
[Date "2026.2.5"]
[Round "1"]
[White "kuntakinte"]
[Black "game"]
[Result "0-1"]
[WhiteElo "1709"]
[BlackElo "1623"]

1. e4 c5 2. Bc4 g6 3. Nf3 d6 4. Nc3 Nc6 5. O-O e5 6. d3 Nb4 7. a3 Nc6 8. Bg5 Be7
9. Be3 Be6 10. Bb5 Nf6 11. h3 Nh5 12. Ne2 O-O 13. c3 d5 14. exd5 Bxd5 15. c4
Bxf3 16. gxf3 Qd7 17. Bxc6 bxc6 18. Kh2 Qd6 19. Kh1 Bd8 20. Qc2 Bc7 21. Rg1 e4
22. Rg2 exf3 23. Ng3 fxg2+ 24. Kg1 Nxg3 25. Kxg2 Nf5 26. Rg1 Qh2+ 27. Kf1 Qxh3+
28. Ke1 Rfe8 29. Kd1 Qh2 30. Re1 Qh5+ 31. Kc1 Qh4 32. Qa4 Nxe3 33. Rxe3 Bf4 34.
Qxc6 Bxe3+ 35. fxe3 Qe1+ 36. Kc2 Qxe3 37. Qb5 Red8 38. Qb3 Qe2+ 39. Kb1 a5 40.
a4 Rxd3 41. Qb7 Rd1+ 42. Ka2 Qxc4+ 43. b3 Qc2+ 44. Ka3 Qc1+ 45. Ka2 Rd2# 0-1

[Event "AUTO-INT-3959"]
[Site "http://www.queenalice.com/game.php?id=1868955"]
[Date "2026.2.5"]
[Round "1"]
[White "game"]
[Black "kuntakinte"]
[Result "0-1"]
[WhiteElo "1653"]
[BlackElo "1695"]

1. e4 e5 2. Bc4 Nf6 3. Nf3 Qe7 4. Ng5 d5 5. Bb3 Be6 6. d4 dxe4 7. dxe5 Nfd7 8.
Nxe4 Nxe5 9. Bf4 Qb4+ 10. Nbd2 Qa5 11. c3 Nd3+ 12. Kf1 Nxf4 13. Qf3 Ng6 14. Ng5
Qb5+ 15. Bc4 Bxc4+ 16. Ke1 c6 17. Qe4+ Ne5 18. b3 Bd3 19. Qe3 Be7 20. a4 Qd5 21.
Rd1 Qxg2 22. Ndf3 Qg4 23. Nxe5 Qxg5 24. f4 Qh4+ 25. Kd2 Bg6 26. Nf3 Qf6 27. Nd4
O-O 28. Rhf1 Nd7 29. Rde1 Rae8 30. Qh3 Ba3 31. Qxd7 Rxe1 32. Rxe1 Qxf4+ 33. Kd1
Bh5+ 34. Ne2 Qc1# 0-1

[Event "AUTO-INT-3960"]
[Site "http://www.queenalice.com/game.php?id=1869196"]
[Date "2026.2.13"]
[Round "1"]
[White "kuntakinte"]
[Black "game"]
[Result "1-0"]
[WhiteElo "1675"]
[BlackElo "1707"]

1. e4 c5 2. c4 d6 3. Be2 Nf6 4. Nc3 Nc6 5. Nf3 e5 6. O-O Ng4 7. d3 h5 8. Bg5 f6
9. Bh4 Nd4 10. h3 g5 11. Bg3 h4 12. Bh2 Nxh2 13. Nxh2 f5 14. Bh5+ Kd7 15. Qa4+
Nc6 16. Bg6 f4 17. Bf5+ Ke7 18. Nd5+ Kf7 19. Bxc8 Qxc8 20. Qd1 Nb4 21. a3 Nc6
22. Nf3 g4 23. Nh2 g3 24. Ng4 Nd4 25. f3 Bg7 26. b3 Ne6 27. Rb1 a5 28. Nb6 Qb8
29. Nxa8 Qxa8 30. b4 cxb4 31. axb4 b6 32. Qa4 Nd4 33. Qd7+ Kg8 34. Rfe1 Nc2 35.
Qe6+ Kh7 36. Rec1 Na3 37. Ra1 axb4 38. Qxd6 Bf8 39. Qc7+ Bg7 40. Qxb6 Rb8 41.
Qc7 Rb7 42. Qc6 Qa7+ 43. c5 Bf8 44. Nf6+ Kh6 45. Ng4+ Kh7 46. Nxe5 Bxc5+ 47.
Rxc5 Rb5 48. d4 Ra5 49. Qg6+ Kh8 50. Nf7+ 1-0

[Event "AUTO-INT-3960"]
[Site "http://www.queenalice.com/game.php?id=1869197"]
[Date "2026.2.13"]
[Round "1"]
[White "game"]
[Black "kuntakinte"]
[Result "1-0"]
[WhiteElo "1718"]
[BlackElo "1690"]

1. e4 e5 2. Nf3 d6 3. Bc4 h6 4. O-O Bg4 5. Bd5 c6 6. Bb3 Nf6 7. d3 Be7 8. Nc3
O-O 9. d4 Nbd7 10. Qd2 c5 11. dxe5 Nxe5 12. h3 Bxf3 13. Qf4 Bh5 14. g4 Bg6 15.
f3 Qb6 16. Na4 c4+ 17. Nxb6 cxb3 18. Nxa8 Rxa8 19. axb3 Rc8 20. Rxa7 Rb8 21. Be3
Bd8 22. Rfa1 Bc7 23. h4 h5 24. g5 Nfd7 25. R7a3 Nc5 26. Bxc5 dxc5 27. Qe3 c4 28.
f4 Ng4 29. Qc5 Bxf4 30. e5 Be3+ 31. Qxe3 Nxe3 32. Ra5 Bxc2 33. b4 Nf5 34. Rc5
Nxh4 35. Rxc4 Bd3 36. Rxh4 g6 37. Rd4 Bf5 38. Kg2 Rc8 39. Ra7 Rc2+ 40. Kf3 b6
41. Rd8+ Kg7 42. Raa8 Bg4+ 43. Ke4 f5+ 44. Ke3 Rc7 45. e6 Re7 46. Rg8+ Kh7 47.
Rh8+ Kg7 48. Rag8# 1-0

[Event "AUTO-INT-3960"]
[Site "http://www.queenalice.com/game.php?id=1869198"]
[Date "2026.2.13"]
[Round "1"]
[White "kuntakinte"]
[Black "Yanni"]
[Result "1-0"]
[WhiteElo "1798"]
[BlackElo "1486"]

1. e4 e5 2. Nf3 d6 3. Bc4 h6 4. O-O Nc6 5. d3 Bg4 6. h3 Bh5 7. Nc3 Nd4 8. Nd5
Bxf3 9. gxf3 c6 10. Nc3 Qf6 11. Kg2 Qg6+ 12. Kh2 Nf6 13. Rg1 Qh5 14. Rg3 d5 15.
Bb3 Bc5 16. Be3 Ne6 17. exd5 cxd5 18. Bxd5 Bxe3 19. fxe3 Ng5 20. Bxb7 Rd8 21.
Nb5 a6 22. Nc7+ Kd7 23. Nxa6 Ke7 24. Qd2 Rd7 25. Qb4+ Ke6 26. Nc5+ Kf5 27. Be4+
Nfxe4 28. dxe4+ Kf6 29. Nxd7+ Kg6 30. Nxe5+ Kh7 31. Rd1 f6 32. Ng4 Qe8 33. Qb7
Qa4 34. b3 Qxa2 35. Rd2 h5 36. Nxf6+ Kg6 37. Qb6 gxf6 38. h4 Qa8 39. Rxg5+ Kf7
40. Rd7+ Ke8 41. Qe6+ Kf8 42. Qf7# 1-0

[Event "AUTO-INT-3960"]
[Site "http://www.queenalice.com/game.php?id=1869199"]
[Date "2026.2.13"]
[Round "1"]
[White "Yanni"]
[Black "kuntakinte"]
[Result "0-1"]
[WhiteElo "1499"]
[BlackElo "1794"]

1. e4 e5 2. Bc4 d6 3. d3 Nf6 4. Nf3 c6 5. Ng5 d5 6. exd5 cxd5 7. Bb5+ Bd7 8. Nc3
a6 9. Ba4 d4 10. Bxd7+ Qxd7 11. h3 dxc3 12. bxc3 Qc6 13. Rh2 Qxc3+ 14. Bd2 Qd4
15. Be3 Qd6 16. Rb1 b5 17. Rb4 Qxb4+ 18. Bd2 Qd6 19. Kf1 e4 20. dxe4 Qxh2 21.
Qf3 Ra7 22. Bf4 Qh1+ 23. Ke2 Nbd7 24. Ke3 Bc5+ 25. Kd3 Qa1 26. e5 Qd4+ 27. Ke2
Nxe5 28. c3 Qc4+ 29. Ke1 Nxf3+ 30. gxf3 Qxf4 31. Ne4 Re7 32. Kf1 Ba3 33. Ng3
Qxf3 34. c4 Qd1+ 35. Kg2 bxc4 36. Nf5 Qd5+ 37. Kg3 Qxf5 38. Kg2 Re2 39. Kg3 Nh5+
40. Kg2 Qxf2+ 41. Kh1 Re1# 0-1

[Event "AUTO-INT-3961"]
[Site "http://www.queenalice.com/game.php?id=1869695"]
[Date "2026.2.24"]
[Round "1"]
[White "kuntakinte"]
[Black "game"]
[Result "0-1"]
[WhiteElo "1783"]
[BlackElo "1589"]

1. e4 e5 2. f3 Nc6 3. Bc4 Nh6 4. a3 d6 5. d3 Bd7 6. Ne2 Nd4 7. f4 Bg4 8. Nbc3
Be7 9. f5 c6 10. O-O Qb6 11. Kh1 Bd8 12. b4 a5 13. Rb1 axb4 14. Rxb4 Qa7 15. a4
Ba5 16. Ba3 Bxb4 17. Bxb4 Rd8 18. a5 c5 19. Bb5+ Ke7 20. Nd5+ Kf8 21. Bc4 Bxe2
22. Qa1 Bxf1 23. Qxf1 cxb4 24. f6 g6 25. Qc1 Ng4 26. h3 Nf2+ 27. Kh2 Qxa5 28.
Qh6+ Ke8 29. Qg7 Rf8 30. Ne3 Kd7 31. Bxf7 Kc6 32. Bd5+ Kb5 33. Qxb7+ Ka4 34. Qg7
Kb5 35. f7 Qc7 36. Qxh7 Nxc2 37. Ng4 Nxd3 38. Qxg6 Nf4 39. Qf5 Nxd5 40. exd5 Nd4
41. Qd3+ Ka5 42. Nh6 Qc5 43. Qe4 Ka4 44. g4 Qc3 45. Kg2 Qf3+ 46. Qxf3 Nxf3 47.
Kxf3 b3 48. g5 b2 49. g6 b1=Q 50. g7 Rxf7+ 51. Nxf7 Qf5+ 0-1

[Event "AUTO-INT-3961"]
[Site "http://www.queenalice.com/game.php?id=1869696"]
[Date "2026.2.24"]
[Round "1"]
[White "game"]
[Black "kuntakinte"]
[Result "0-1"]
[WhiteElo "1667"]
[BlackElo "1697"]

1. e4 e5 2. Nf3 d6 3. Bc4 Be6 4. d3 Nf6 5. Nc3 c6 6. b3 Qd7 7. Bb2 b5 8. Bxe6
fxe6 9. O-O Be7 10. Ne2 O-O 11. Ng3 Qc7 12. d4 Nbd7 13. Ng5 d5 14. exd5 Nxd5 15.
Nxe6 Qd6 16. Nxf8 Rxf8 17. dxe5 Nxe5 18. Ne4 Qc7 19. Qd4 Bf6 20. Nxf6+ gxf6 21.
f4 Ng6 22. g3 h6 23. f5 Ne5 24. Ba3 Rf7 25. g4 Rg7 26. h3 a5 27. Qf2 h5 28. Qc5
b4 29. Bb2 hxg4 30. h4 Nf3+ 31. Kf2 Qh2# 0-1

[Event "AUTO-INT-3961"]
[Site "http://www.queenalice.com/game.php?id=1869697"]
[Date "2026.2.24"]
[Round "1"]
[White "kuntakinte"]
[Black "zubarev"]
[Result "1-0"]
[WhiteElo "1749"]
[BlackElo "1673"]

1. e4 e5 2. Nf3 Nc6 3. d4 exd4 4. Nxd4 Nge7 5. Bg5 Nxd4 6. Qxd4 Nc6 7. Qe3 Be7
8. Bf4 O-O 9. Qg3 d6 10. Bh6 Bf6 11. Nd2 Bxb2 12. Rd1 Qf6 13. Be3 Be5 14. f4 Bc3
15. Be2 Nb4 16. O-O Nxa2 17. e5 dxe5 18. fxe5 Qxe5 19. Qf2 Nb4 20. Nf3 Qe7 21.
Bc5 Qe8 22. Bxf8 Kxf8 23. Qh4 Be6 24. Qxh7 g6 25. Qh6+ Bg7 26. Qh4 Nd5 27. Ng5
Ne3 28. Nxe6+ Qxe6 29. Qb4+ Kg8 30. Qxb7 Re8 31. Bb5 Rf8 32. Rfe1 Bh6 33. Rd3
Qg4 34. Bc6 Nxc2 35. Bf3 Qg5 36. Red1 Ne3 37. Re1 Nc2 38. Rb1 Qc5+ 39. Kh1 Nd4
40. Qe4 Nxf3 41. Rxf3 Rd8 42. Rbf1 Rd7 43. Qe8+ Kg7 44. Qxd7 1-0

[Event "AUTO-INT-3961"]
[Site "http://www.queenalice.com/game.php?id=1869698"]
[Date "2026.2.24"]
[Round "1"]
[White "zubarev"]
[Black "kuntakinte"]
[Result "1-0"]
[WhiteElo "1627"]
[BlackElo "1700"]

1. d4 d5 2. Nc3 e6 3. Nf3 Bb4 4. Bd2 Nc6 5. e3 Nf6 6. Bb5 Bd7 7. Bxc6 Bxc6 8.
Ne5 O-O 9. O-O a5 10. f4 Qe8 11. Qf3 Ne4 12. a3 Bd6 13. Nxe4 dxe4 14. Qg3 Bb5
15. c4 Ba6 16. Rfc1 b6 17. b4 f6 18. Ng4 Qc8 19. c5 bxc5 20. dxc5 Be7 21. Bc3 c6
22. Rd1 Bd8 23. Rd2 Bc7 24. Rad1 Kh8 25. Rd7 Be2 26. Nxf6 Rg8 27. Nxg8 Qxg8 28.
Bxg7+ 1-0